มุมมองปกติ
มุมมองแบบ MARC
- แบส, โคล์ด เดอะ.
รายการ Personal Name
001 - CONTROL NUMBER
- control field: 50411
003 - CONTROL NUMBER IDENTIFIER
- control field: NALT
005 - DATE AND TIME OF LATEST TRANSACTION
- control field: 20210218174446.0
008 - FIXED-LENGTH DATA ELEMENTS
- fixed length control field: 210218|| aca||aabn | a|a d
040 ## - CATALOGING SOURCE
- Original cataloging agency: NALT
100 1# - HEADING--PERSONAL NAME
- Personal name: แบส, โคล์ด เดอะ.
